000 00606cam a22002053a 4500
001 41604
003 PGUSA
005 20140828083935.0
008 121211s2012||||xxu|||||s|||||000 | eng d
040 _aPGUSA
_beng
042 _adc
100 1 _aJohnston, Annie F.
_q(Annie Fellows),
_d1863-1931
245 1 0 _aMiss Santa Claus of the Pullman
_h[electronic resource] /
_cAnnie F. Johnston
260 _bProject Gutenberg,
_c2012
506 _aPublic domain in the USA.
516 _aElectronic text
830 0 _aProject Gutenberg
_v41604
856 4 0 _uhttp://www.gutenberg.org/ebooks/41604
942 _cEB
999 _c270856
_d270856